Innovation management: definition, problems and recommendations

Problémy, inovácie a tvorivosť v marketingových aktivitách spoločnosti. Oblasti riadenia inovácií.

Na minha lista:
Detalhes bibliográficos
Autor principal: Šarlay, Jozef
Formato: Capítulo de Livro
Idioma:inglês
Assuntos:
Tags: Adicionar Tag
Sem tags, seja o primeiro a adicionar uma tag!

MARC

LEADER 00000nla a2200000 4500
001 0230402
005 20240417075118.4
041 0 |a eng 
044 |a SK 
245 1 0 |a Innovation management: definition, problems and recommendations  |c Jozef Šarlay 
520 |a Problémy, inovácie a tvorivosť v marketingových aktivitách spoločnosti. Oblasti riadenia inovácií. 
610 2 0 |a stratégia inovačná 
610 2 0 |a marketing 
610 2 0 |a definície 
610 2 0 |a manažment strategický 
610 2 0 |a kreativita 
100 1 |a Šarlay, Jozef